| 000 | 00749nam a22002177a 4500 | ||
|---|---|---|---|
| 999 |
_c180467 _d180467 |
||
| 005 | 20210810113801.0 | ||
| 010 | _aENG-129732 | ||
| 020 |
_a9789353941833 _c879.00 |
||
| 035 | _aEN-113264 | ||
| 037 | _bDBAD/PUB | ||
| 082 | _a629.895 | ||
| 100 | _aMazidi, Muhammad Ali | ||
| 245 |
_aPIC microcontroller and embedded systems: _busing assembly and C for PIC18 / _cby Muhammad Ali Mazidi, Danny E. Causey [and] Rolin D. McKinlay |
||
| 250 | _a2nd ed. | ||
| 260 |
_aNoida _bPearson _c2021 |
||
| 270 |
_a15th Floor, Tower-B, World Trade Tower, Plot No.1, Block-C, Sector-16 _bNoida _e201301 |
||
| 300 |
_a657p.: _bill. _c28cm(pbk) |
||
| 700 | _aCausey, Danny E. | ||
| 700 | _aMcKinlay, Rolin D. | ||
| 942 |
_2ddc _cEN _h629.895 _mMAZ |
||